| 000 | 00379nam a2200157Ia 4500 | ||
|---|---|---|---|
| 003 | GCL | ||
| 008 | 140319s9999 xx 000 0 eng d | ||
| 040 |
_aGCL / _cGCL |
||
| 082 | 0 | 4 |
_a770 _bD P |
| 100 | 1 | _aDAVIS, PHIL | |
| 245 | 1 | 0 |
_aPHOTOGRAPHY / _cDAVIS, PHIL |
| 260 |
_a[S.N] : _bBROWN AND BENCHMARK ، _c1995 |
||
| 300 | _a440 P | ||
| 650 | 0 | 4 | _aPHOTOGRAPHY |
| 942 |
_2ddc _cBK |
||
| 999 |
_c11484 _d11484 |
||